[Event "IM Not A GM Speed Chess"]
[Site "chess.com INT"]
[Date "2020.04.24"]
[Round "1.15"]
[White "Kavutskiy, Konstantin"]
[Black "Trent, Lawrence"]
[Result "0-1"]
[WhiteTitle "IM"]
[BlackTitle "IM"]
[WhiteElo "2391"]
[BlackElo "2399"]
[WhiteFideId "2026384"]
[BlackFideId "408638"]
[EventDate "2020.04.18"]

1. d4 f5 2. Bg5 g6 3. Nc3 Nh6 4. e4 Nf7 5. h4 fxe4 6. Nxe4 d5 7. Nc3 Bg7 8. Nf3
Bg4 9. Qd2 Bxf3 10. gxf3 Nc6 11. O-O-O Nxd4 12. Qe3 c5 13. h5 Nf5 14. Bb5+ Kf8
15. Qf4 Nxg5 16. hxg6 e6 17. Nxd5 hxg6 18. Rxh8+ Bxh8 19. Nc7 Qf6 20. Qxg5 Qxg5+ 0-1

[Event "IM Not A GM Speed Chess"]
[Site "chess.com INT"]
[Date "2020.04.24"]
[Round "1.16"]
[White "Trent, Lawrence"]
[Black "Kavutskiy, Konstantin"]
[Result "1-0"]
[WhiteTitle "IM"]
[BlackTitle "IM"]
[WhiteElo "2399"]
[BlackElo "2391"]
[WhiteFideId "408638"]
[BlackFideId "2026384"]
[EventDate "2020.04.18"]

1. b3 d5 2. Bb2 Bg4 3. f3 Bh5 4. Nh3 e6 5. Nf4 Bg6 6. h4 Qd6 7. e3 e5 8. Nxg6
hxg6 9. g3 Nd7 10. Bg2 e4 11. f4 Ngf6 12. Nc3 c6 13. d3 exd3 14. cxd3 O-O-O 15.
Qd2 Re8 16. O-O-O Qc7 17. e4 Nb6 18. e5 Nh5 19. Qf2 f5 20. Kb1 Kb8 21. Rc1 Qd8
22. Ne2 Nd7 23. Rc2 Qb6 24. Bd4 Qa5 25. Rhc1 Be7 26. Bc3 Qc7 27. Bb2 Qb6 28. Bd4
Qa5 29. Bc3 Qb6 30. d4 Ba3 31. Rd1 Re7 32. Qe1 Rhe8 33. Bf1 Re6 34. Ba5 Qa6 35.
Ng1 b5 36. Bb4 Bxb4 37. Qxb4 Nxg3 38. Bd3 Ne4 39. Rdc1 Ka8 40. Ne2 Rb8 41. Kb2
Qb6 42. Bxe4 fxe4 43. Qc3 a5 44. b4 a4 45. Qg3 Qb7 46. Qg4 Rbe8 47. a3 Nb6 48.
Ka2 Nc4 49. Rc3 Qe7 50. Rg1 Rh8 51. Qg5 Rh7 52. f5 gxf5 53. Nf4 Qxg5 54. hxg5
Re8 55. Rh3 Rxh3 56. Nxh3 Rh8 57. Nf4 Rh2+ 58. Ka1 Nxa3 59. e6 Nc2+ 60. Kb1 Nxb4
61. e7 Rh8 62. Ng6 Re8 63. Rh1 Kb7 64. Rh8 Rxh8 65. Nxh8 Kc7 66. e8=Q 1-0

[Event "IM Not A GM Speed Chess"]
[Site "chess.com INT"]
[Date "2020.04.24"]
[Round "1.17"]
[White "Kavutskiy, Konstantin"]
[Black "Trent, Lawrence"]
[Result "1-0"]
[WhiteTitle "IM"]
[BlackTitle "IM"]
[WhiteElo "2391"]
[BlackElo "2399"]
[WhiteFideId "2026384"]
[BlackFideId "408638"]
[EventDate "2020.04.18"]

1. d4 d6 2. c4 Nf6 3. Nc3 e5 4. Nf3 Nbd7 5. e4 g6 6. Be2 Bg7 7. O-O O-O 8. Be3
Ng4 9. Bg5 f6 10. Bc1 Nh6 11. Re1 Nf7 12. Qc2 c6 13. Be3 Re8 14. Rad1 Qc7 15. b4
Nf8 16. d5 f5 17. c5 f4 18. cxd6 Nxd6 19. Bc5 Nd7 20. Bxd6 Qxd6 21. dxc6 Qxc6
22. Bb5 Qc7 23. Qb3+ Kh8 24. Ng5 h6 25. Nd5 Qb8 26. Nf7+ Kh7 27. Nxf4 exf4 28.
Bxd7 Re7 29. Bb5 Be6 30. Bc4 Bxf7 31. Bxf7 Qf8 32. Bd5 Rae8 33. Rc1 Be5 34. Qh3
Qf6 35. Qg4 h5 36. Qh3 Kh6 37. Red1 g5 38. Qd3 g4 39. f3 g3 40. h3 Qb6+ 41. Kh1
Qxb4 42. Rb1 Qd6 43. Qb3 b6 44. Bf7 Qf6 45. Bxe8 Rxe8 46. Rd5 Rd8 47. Rbd1 Rxd5
48. Qxd5 a5 49. Rc1 Bc3 50. Qd3 Bb4 51. Qb5 Bc5 52. a4 Qd4 53. Qe2 Kg5 54. Rd1
Qe3 55. Qxe3 fxe3 56. e5 Kf5 57. Re1 Kxe5 58. Kg1 Kd4 59. Kf1 Kd3 60. Rd1+ Kc4
61. Ke2 Kb4 62. Ra1 Kb3 63. f4 Kc4 64. f5 Kd5 65. f6 Ke6 66. Rf1 Kf7 67. Rf5 Bd4
68. Rxh5 Kxf6 69. Rh4 Bc5 70. Rg4 Bd6 71. Re4 Kf5 72. Rxe3 Bf4 73. Rf3 Ke4 74.
Rb3 Bc7 75. Rb5 Kd4 76. h4 Ke4 77. h5 1-0

[Event "IM Not A GM Speed Chess"]
[Site "chess.com INT"]
[Date "2020.04.24"]
[Round "1.18"]
[White "Trent, Lawrence"]
[Black "Kavutskiy, Konstantin"]
[Result "1-0"]
[WhiteTitle "IM"]
[BlackTitle "IM"]
[WhiteElo "2399"]
[BlackElo "2391"]
[WhiteFideId "408638"]
[BlackFideId "2026384"]
[EventDate "2020.04.18"]

1. e4 Nc6 2. Nc3 Nf6 3. Bb5 d6 4. Nge2 a6 5. Bxc6+ bxc6 6. d4 g6 7. f3 Bg7 8.
Be3 O-O 9. Qd2 Rb8 10. b3 Nd7 11. O-O a5 12. Rad1 Ba6 13. Rfe1 Qc8 14. Bh6 c5
15. Bxg7 Kxg7 16. Nd5 e6 17. Ne7 Qe8 18. Nc6 Rb6 19. Nxa5 Bxe2 20. Rxe2 cxd4 21.
Qxd4+ e5 22. Qc3 Nc5 23. b4 Ne6 24. Nb3 Qb8 25. a3 Nf4 26. Red2 Qa7 27. Kh1 Qxa3
28. Qxc7 Qxb4 29. Rxd6 Rxd6 30. Qxd6 Qc3 31. Qd2 Qc7 32. g3 Ne6 33. Qe3 Qxc2 34.
Rc1 Qb2 35. Qc3 Qa3 36. Qxe5+ Kg8 37. Qc3 Rb8 38. Nd2 Qa2 39. Ra1 Qb2 40. Qxb2
Rxb2 41. Nc4 Rc2 42. Ne5 Nd4 43. Ra8+ Kg7 44. Ra7 Nc6 45. Rc7 Nd4 46. Rxc2 Nxc2
47. Kg2 Nd4 48. Kf2 Ne6 49. Nd3 f5 50. e5 Kf7 51. f4 Ke7 52. Ke3 Kd7 53. Nb4 Kc7
54. Nd5+ Kc6 55. Nf6 h6 56. Ng8 g5 57. Nxh6 gxf4+ 58. gxf4 Ng7 59. Kd4 1-0

[Event "IM Not A GM Speed Chess"]
[Site "chess.com INT"]
[Date "2020.04.24"]
[Round "1.19"]
[White "Kavutskiy, Konstantin"]
[Black "Trent, Lawrence"]
[Result "1-0"]
[WhiteTitle "IM"]
[BlackTitle "IM"]
[WhiteElo "2391"]
[BlackElo "2399"]
[WhiteFideId "2026384"]
[BlackFideId "408638"]
[EventDate "2020.04.18"]

1. d4 c5 2. d5 e5 3. e4 d6 4. Bb5+ Nd7 5. a4 Be7 6. Nf3 Nf6 7. Nc3 O-O 8. O-O a6
9. Be2 h6 10. a5 Nh7 11. Re1 Ng5 12. Ra3 Nxf3+ 13. Bxf3 Bg5 14. Bxg5 Qxg5 15.
Na4 Rb8 16. c4 Nf6 17. Nb6 Bg4 18. Bxg4 Qxg4 19. Qxg4 Nxg4 20. Nd7 Nf6 21. Nxf8
Kxf8 22. Rb3 Ke7 23. Rb6 Kd7 24. g3 Kc7 25. Rb3 g5 26. Rf3 Nd7 27. Rxf7 b5 28.
b3 1-0

[Event "IM Not A GM Speed Chess"]
[Site "chess.com INT"]
[Date "2020.04.19"]
[Round "1.20"]
[White "Trent, Lawrence"]
[Black "Kavutskiy, Konstantin"]
[Result "1-0"]
[WhiteTitle "IM"]
[BlackTitle "IM"]
[WhiteElo "2399"]
[BlackElo "2391"]
[WhiteFideId "408638"]
[BlackFideId "2026384"]
[EventDate "2020.04.18"]

1. b3 Nf6 2. Bb2 g6 3. Bxf6 exf6 4. c4 d5 5. cxd5 Qxd5 6. Nc3 Qd8 7. Rc1 Bg7 8.
e3 O-O 9. g3 f5 10. Bg2 c6 11. Nge2 Nd7 12. O-O Nf6 13. d4 Qe7 14. Qd3 Rd8 15.
Rfd1 h5 16. h4 Bh6 17. Nf4 Bxf4 18. exf4 Be6 19. Qe2 Qd6 20. Qe5 Ng4 21. Qxd6
Rxd6 22. d5 cxd5 23. Nxd5 Bxd5 24. Rxd5 Rad8 25. Rcd1 Rxd5 26. Rxd5 Rxd5 27.
Bxd5 b6 28. Kf1 Nf6 29. Bf3 Kf8 30. Ke2 Ke7 31. Kd3 Kd6 32. Kd4 Ne8 33. Bd5 Ke7
34. Ke5 f6+ 35. Kd4 Nd6 36. a4 Kd7 37. b4 Kc7 38. Bf3 Kd7 39. Bd5 Ke7 40. Bf3
Kd7 41. Bg2 Ke7 42. Bc6 Kd8 43. Kd5 Kc7 44. b5 Ne4 45. Ke6 Nxf2 46. Kxf6 Nd3 47.
Kxg6 Nc5 48. Kxh5 a5 49. Kg6 Nxa4 50. h5 Nc5 51. h6 Ne6 52. Kf7 Nd8+ 53. Ke7 1-0

[Event "IM Not A GM Speed Chess"]
[Site "chess.com INT"]
[Date "2020.04.24"]
[Round "1.21"]
[White "Kavutskiy, Konstantin"]
[Black "Trent, Lawrence"]
[Result "1/2-1/2"]
[WhiteTitle "IM"]
[BlackTitle "IM"]
[WhiteElo "2391"]
[BlackElo "2399"]
[WhiteFideId "2026384"]
[BlackFideId "408638"]
[EventDate "2020.04.18"]

1. d4 Nc6 2. d5 Nb8 3. c4 d6 4. Nc3 g6 5. e4 Bg7 6. h3 Nf6 7. Nge2 O-O 8. Ng3 c6
9. Be2 Na6 10. O-O cxd5 11. cxd5 Bd7 12. Be3 Qa5 13. Qd2 Rac8 14. Rfc1 Rfe8 15.
Rab1 h5 16. a3 h4 17. Nf1 Rxc3 18. Qxc3 Qxc3 19. bxc3 Nxe4 20. Rxb7 Nac5 21.
Rxa7 Rc8 22. c4 Bf5 23. Nd2 Nxd2 24. Bxd2 Nb3 25. Rd1 Bc2 26. Bg5 Bxd1 27. Bxd1
Nd2 28. Bxd2 Rxc4 29. Ra8+ Kh7 30. Bf3 Rc2 31. Bf4 Ra2 32. a4 g5 33. Bxg5 Be5
34. g3 hxg3 35. Be4+ Kg7 36. fxg3 Bxg3 37. a5 Bf2+ 38. Kf1 Bc5 39. a6 e6 40.
dxe6 fxe6 41. h4 d5 42. Bd3 e5 43. h5 e4 44. h6+ Kh7 45. Bb5 Rf2+ 46. Ke1 Rg2
47. a7 Rxg5 48. Rh8+ Kxh8 49. a8=Q+ Kh7 50. Qc6 Bb4+ 51. Kd1 Rg6 52. Qxd5 Rd6
53. Qxd6 Bxd6 54. Ke2 Bc5 55. Bd3 Kxh6 56. Bxe4 1/2-1/2

[Event "IM Not A GM Speed Chess"]
[Site "chess.com INT"]
[Date "2020.04.24"]
[Round "1.22"]
[White "Trent, Lawrence"]
[Black "Kavutskiy, Konstantin"]
[Result "1-0"]
[WhiteTitle "IM"]
[BlackTitle "IM"]
[WhiteElo "2399"]
[BlackElo "2391"]
[WhiteFideId "408638"]
[BlackFideId "2026384"]
[EventDate "2020.04.18"]

1. Nc3 g6 2. h4 h5 3. Nh3 Bg7 4. Ng5 d5 5. e4 d4 6. Bc4 e6 7. Qf3 Nf6 8. e5 dxc3
9. exf6 Qxf6 10. dxc3 Qxf3 11. Nxf3 O-O 12. Bf4 c6 13. O-O-O Nd7 14. Rhe1 Nb6
15. Bb3 Nd5 16. Be5 b5 17. c4 bxc4 18. Bxc4 Bb7 19. Bxg7 Kxg7 20. Ne5 c5 21. g3
Rfd8 22. c3 Nb6 23. Be2 a5 24. Rxd8 Rxd8 25. Rd1 Rxd1+ 26. Bxd1 Kf6 27. f4 Ke7
28. Kd2 Nd7 29. Nxd7 Kxd7 30. Ke3 Kd6 31. a3 f6 32. b4 axb4 33. axb4 e5 34. Bc2
cxb4 35. cxb4 f5 36. fxe5+ Kxe5 37. Ba4 Kd5 38. Be8 Kc4 39. Bxg6 Kxb4 40. Bxf5
Kc5 41. Kf4 Kd6 42. Kg5 Ke5 43. Bg6 Bc8 44. Bxh5 Bh3 45. Be2 Ke6 46. Bb5 Ke7 47.
Ba6 Kf8 48. Bb7 Kg7 49. Bc6 Bc8 50. Bb5 Bh3 51. Bc4 Bc8 52. Bd5 Bh3 53. Be4 Bc8
54. Bf5 Bb7 55. Kf4 Ba6 56. g4 Be2 57. g5 Bh5 58. Bg4 Be8 59. h5 Bf7 60. h6+ Kh7
61. Kf5 Bg6+ 62. Kf6 Be8 63. Bf5+ Kh8 64. Bg6 Ba4 65. Bf7 Bc2 66. Be6 Bb1 67.
Bf5 Ba2 68. g6 Kg8 69. g7 1-0

[Event "IM Not A GM Speed Chess"]
[Site "chess.com INT"]
[Date "2020.04.18"]
[Round "1.1"]
[White "Coleman, Teddy"]
[Black "Rensch, Daniel"]
[Result "1-0"]
[WhiteTitle "IM"]
[BlackTitle "IM"]
[WhiteElo "2333"]
[BlackElo "2402"]
[WhiteFideId "2022010"]
[BlackFideId "2017202"]
[EventDate "2020.04.18"]

1. c4 e5 2. Nc3 Nc6 3. Nf3 Nf6 4. e3 Be7 5. a3 a5 6. Qc2 O-O 7. b3 d6 8. Bb2 Bg4
9. Be2 Bh5 10. h3 Bg6 11. d3 d5 12. cxd5 Nxd5 13. Nb5 Qd7 14. O-O Rad8 15. Rac1
Rfe8 16. Rfd1 Bf8 17. Qb1 h6 18. Qa1 Nb6 19. d4 e4 20. Nd2 Nd5 21. Nc4 Qf5 22.
Rc2 Qg5 23. g3 Bf5 24. Kh2 Bc8 25. Bf1 h5 26. h4 Qf5 27. Bg2 g5 28. hxg5 Qxg5
29. Ne5 Nxe5 30. dxe5 c6 31. Bxe4 Nxe3 32. fxe3 cxb5 33. Rxd8 Rxd8 34. Bd4 h4
35. Rg2 h3 36. Rf2 Be6 37. Qb2 b4 38. a4 Bh6 39. Bxb7 Kh8 40. Rf4 Rg8 41. Qf2
Qh5 42. Rh4 Qg5 43. Qf6+ Qxf6 44. exf6 Kh7 45. Be4+ Rg6 46. Be5 Bxb3 47. Bf4 Bd1
48. Rxh6+ Kg8 49. Bxg6 fxg6 50. Be5 Bxa4 51. Rxg6+ Kf7 52. Rg7+ Ke6 53. Re7+ Kd5
54. f7 1-0

[Event "IM Not A GM Speed Chess"]
[Site "chess.com INT"]
[Date "2020.04.19"]
[Round "1.2"]
[White "Rensch, Daniel"]
[Black "Coleman, Teddy"]
[Result "1/2-1/2"]
[WhiteTitle "IM"]
[BlackTitle "IM"]
[WhiteElo "2402"]
[BlackElo "2333"]
[WhiteFideId "2017202"]
[BlackFideId "2022010"]
[EventDate "2020.04.18"]

1. e4 e5 2. Nf3 Nc6 3. d4 exd4 4. Nxd4 Nf6 5. Nxc6 bxc6 6. Bd3 d5 7. e5 Ng4 8.
O-O Bc5 9. Qe2 Qe7 10. Bf4 g5 11. Bd2 O-O 12. Nc3 Nxe5 13. Rae1 f6 14. h3 Re8
15. Na4 Bd6 16. f4 Nxd3 17. Qxd3 Qd8 18. Rxe8+ Qxe8 19. fxg5 fxg5 20. Bxg5 Qg6
21. Qxg6+ hxg6 22. g4 Rb8 23. Be3 a5 24. b3 Ba6 25. Rf6 Kg7 26. Bd4 Kh6 27. h4
Rf8 28. Be3+ Kg7 29. Rxf8 Bxf8 30. Bd2 Bb4 31. Bf4 Be2 32. c3 Bd6 33. Bxd6 cxd6
34. g5 Kf7 35. Kf2 Bd3 36. Nb6 Bb1 37. a3 Ke6 38. Ke3 c5 39. b4 d4+ 40. Kd2
dxc3+ 41. Kxc3 cxb4+ 42. axb4 axb4+ 43. Kxb4 Kf5 44. Nc8 Kg4 45. Nxd6 Kxh4 46.
Nf7 Ba2 47. Ne5 Kxg5 48. Nxg6 1/2-1/2

[Event "IM Not A GM Speed Chess"]
[Site "chess.com INT"]
[Date "2020.04.20"]
[Round "1.3"]
[White "Coleman, Teddy"]
[Black "Rensch, Daniel"]
[Result "1/2-1/2"]
[WhiteTitle "IM"]
[BlackTitle "IM"]
[WhiteElo "2333"]
[BlackElo "2402"]
[WhiteFideId "2022010"]
[BlackFideId "2017202"]
[EventDate "2020.04.18"]

1. d4 Nf6 2. c4 e6 3. Nc3 Bb4 4. e3 O-O 5. Ne2 c5 6. a3 cxd4 7. exd4 Be7 8. Nf4
d6 9. Be2 a6 10. O-O b6 11. Bf3 Ra7 12. b4 Rc7 13. Qe2 Nbd7 14. Bb2 Bb7 15. Bxb7
Rxb7 16. Rfe1 Re8 17. Rac1 Nf8 18. b5 axb5 19. Nxb5 Qa8 20. d5 e5 21. Nd3 Ng6
22. g3 Bf8 23. Nb4 Nd7 24. Nc6 Nc5 25. f4 e4 26. f5 Ne7 27. f6 gxf6 28. Bxf6 Ng6
29. Rc3 Nd7 30. Bd4 Nde5 31. Kg2 f5 32. Qh5 Nxc6 33. dxc6 Rf7 34. c7 f4 35. Qd5
Qc8 36. Rxe4 Rxe4 37. Qxe4 Qg4 38. c8=Q Qxc8 39. h3 fxg3 40. Rxg3 Qxc4 41. Nc3
d5 42. Qxd5 Qxd5+ 43. Nxd5 Bg7 44. Bxg7 Rxg7 45. Nxb6 Rb7 46. Nc4 Rb1 47. a4 Rc1
48. Nb6 Rb1 49. Nd7 Ra1 50. Rg4 Kg7 51. Ne5 Kf6 52. Nxg6 hxg6 53. Kg3 Kf5 54.
Rf4+ Kg5 55. Rb4 Ra3+ 56. Kg2 Kh5 57. h4 g5 58. hxg5 Kxg5 59. Kf2 Kf5 60. Ke2
Ke5 61. Kd2 Kd5 62. Kc2 Kc5 63. Rh4 Kb6 64. Kb2 Rg3 1/2-1/2

[Event "IM Not A GM Speed Chess"]
[Site "chess.com INT"]
[Date "2020.04.22"]
[Round "1.4"]
[White "Rensch, Daniel"]
[Black "Coleman, Teddy"]
[Result "1/2-1/2"]
[WhiteTitle "IM"]
[BlackTitle "IM"]
[WhiteElo "2402"]
[BlackElo "2333"]
[WhiteFideId "2017202"]
[BlackFideId "2022010"]
[EventDate "2020.04.18"]

1. e4 e5 2. Nf3 Nc6 3. d4 exd4 4. Nxd4 Nf6 5. Nxc6 bxc6 6. e5 Qe7 7. Qe2 Nd5 8.
h4 a5 9. c4 Nb6 10. Nc3 Qe6 11. Qe4 Ba6 12. b3 O-O-O 13. c5 Bxf1 14. cxb6 Ba6
15. bxc7 Re8 16. Bf4 Bb4 17. Qe3 Qd5 18. a3 Bxc3+ 19. Qxc3 f6 20. f3 fxe5 21.
Be3 Rhf8 22. Kf2 e4 23. Rhd1 Qh5 24. Qxg7 Rxf3+ 25. Kg1 Rf7 26. Qd4 Rg8 27. Bg5
Kxc7 28. Qa7+ Bb7 29. Qxa5+ Kc8 30. Rf1 e3 31. Rxf7 Qxf7 32. Bxe3 Qg6 33. Bg5
Qc2 34. Rc1 Qxb3 35. Qe5 Qe6 36. Qf4 Rxg5 37. hxg5 d6 38. Qf8+ Kc7 39. Qg7+ Kb8
40. Qf6 Qe3+ 41. Kh2 Qxc1 42. Qxd6+ Ka7 43. Qd4+ Ka6 44. Qa4+ Kb6 45. Qb4+ Ka7
46. Qa5+ Kb8 47. Qd8+ Ka7 48. Qa5+ Kb8 49. Qd8+ Ka7 50. Qa5+ 1/2-1/2

[Event "IM Not A GM Speed Chess"]
[Site "chess.com INT"]
[Date "2020.04.23"]
[Round "1.5"]
[White "Coleman, Teddy"]
[Black "Rensch, Daniel"]
[Result "1/2-1/2"]
[WhiteTitle "IM"]
[BlackTitle "IM"]
[WhiteElo "2333"]
[BlackElo "2402"]
[WhiteFideId "2022010"]
[BlackFideId "2017202"]
[EventDate "2020.04.18"]

1. c4 e5 2. Nc3 Nc6 3. Nf3 Nf6 4. e3 Be7 5. a3 a5 6. b3 O-O 7. Bb2 d5 8. cxd5
Nxd5 9. d4 exd4 10. Nxd4 Nxd4 11. Nxd5 Qxd5 12. Qxd4 Qxd4 13. Bxd4 Be6 14. Bc4
Bxc4 15. bxc4 Ra6 16. Ke2 Rc6 17. Rhc1 b6 18. a4 h5 19. h3 h4 20. Rc2 Bb4 21.
Rac1 Rg6 22. c5 bxc5 23. Bxc5 Rb8 24. Bd4 Bd6 25. Kf3 Rb4 26. Rc4 Rg5 27. R1c2
Rf5+ 28. Ke2 Rg5 29. Kf3 Rf5+ 30. Ke2 Rg5 31. Kf3 1/2-1/2

[Event "IM Not A GM Speed Chess"]
[Site "chess.com INT"]
[Date "2020.04.24"]
[Round "1.6"]
[White "Rensch, Daniel"]
[Black "Coleman, Teddy"]
[Result "0-1"]
[WhiteTitle "IM"]
[BlackTitle "IM"]
[WhiteElo "2402"]
[BlackElo "2333"]
[WhiteFideId "2017202"]
[BlackFideId "2022010"]
[EventDate "2020.04.18"]

1. e4 e5 2. Nf3 Nc6 3. d4 exd4 4. Nxd4 Nf6 5. Nxc6 bxc6 6. e5 Qe7 7. Qe2 Nd5 8.
h4 a5 9. c4 Nb6 10. Bg5 Qe6 11. Nd2 Ba6 12. O-O-O a4 13. Rh3 h6 14. Be3 Bb4 15.
Bxb6 cxb6 16. Ne4 O-O 17. a3 Be7 18. f4 f6 19. g4 f5 20. gxf5 Qxf5 21. Rf3 Bxh4
22. Bh3 Qh5 23. Qg2 Bg5 24. Bg4 Bxf4+ 25. Rxf4 Qxe5 26. Rxf8+ Rxf8 27. Bxd7 Bxc4
28. Nc3 Bb3 29. Rg1 Qe3+ 30. Kb1 Qd3+ 31. Ka1 Qxd7 32. Ne4 Qd4 33. Qg6 Bc2 34.
Qe6+ Kh8 35. Re1 Bxe4 36. Qxe4 Qxe4 37. Rxe4 b5 38. Re6 Rf6 39. Re8+ Kh7 0-1

[Event "IM Not A GM Speed Chess"]
[Site "chess.com INT"]
[Date "2020.04.25"]
[Round "1.7"]
[White "Coleman, Teddy"]
[Black "Rensch, Daniel"]
[Result "1-0"]
[WhiteTitle "IM"]
[BlackTitle "IM"]
[WhiteElo "2333"]
[BlackElo "2402"]
[WhiteFideId "2022010"]
[BlackFideId "2017202"]
[EventDate "2020.04.18"]

1. d4 Nf6 2. c4 e6 3. Nc3 Bb4 4. e3 O-O 5. Ne2 c5 6. a3 cxd4 7. exd4 Be7 8. Nf4
d6 9. Be2 a6 10. Bf3 Qc7 11. Qe2 Nbd7 12. O-O Re8 13. Be3 Rb8 14. Rac1 b6 15. b4
Bf8 16. b5 a5 17. Bc6 g6 18. d5 e5 19. Nd3 Re7 20. f3 Nh5 21. Qd2 Bg7 22. g4
Nhf6 23. h3 Nc5 24. Nxc5 bxc5 25. Ne4 Nxe4 26. fxe4 h5 27. Qg2 hxg4 28. hxg4 f6
29. Rf3 Bb7 30. g5 f5 31. exf5 e4 32. Rf4 gxf5 33. Rxf5 Rf8 34. Rcf1 Rxf5 35.
Rxf5 Bc8 36. Rf4 Be5 37. Rxe4 Bf5 38. Rh4 Rh7 39. Rxh7 Qxh7 40. b6 Bh3 41. g6
Qh4 42. Bf2 Qh5 43. Qe4 Qd1+ 44. Be1 Qb3 45. b7 Bd4+ 46. Kh1 Bf1 47. Qe8+ Kg7
48. Qf7+ Kh6 49. Qxf1 Be5 50. Bd2+ Kxg6 51. Qg2+ Kf7 52. Qf1+ Kg7 53. Qg1+ Kf7
54. Qf2+ Kg7 55. Bb5 Qh3+ 56. Kg1 Bd4 57. Qxd4+ cxd4 58. b8=Q Qg3+ 59. Kf1 Qf3+
60. Ke1 Qh1+ 61. Ke2 Qh5+ 62. Kd3 Qf3+ 63. Kxd4 Qf2+ 64. Kc3 Qf6+ 65. Kc2 Qf5+
66. Kb3 Qd3+ 67. Bc3+ Kg6 68. Qxd6+ 1-0

[Event "IM Not A GM Speed Chess"]
[Site "chess.com INT"]
[Date "2020.04.26"]
[Round "1.8"]
[White "Rensch, Daniel"]
[Black "Coleman, Teddy"]
[Result "1-0"]
[WhiteTitle "IM"]
[BlackTitle "IM"]
[WhiteElo "2402"]
[BlackElo "2333"]
[WhiteFideId "2017202"]
[BlackFideId "2022010"]
[EventDate "2020.04.18"]

1. e4 e5 2. Nf3 Nc6 3. d4 exd4 4. Nxd4 Nf6 5. Nxc6 bxc6 6. e5 Qe7 7. Qe2 Nd5 8.
h4 a5 9. c4 Nb6 10. Nc3 Qe6 11. b3 a4 12. Bb2 axb3 13. axb3 Rxa1+ 14. Bxa1 Bb4
15. Rh3 O-O 16. Re3 c5 17. g4 Bb7 18. Bh3 Ra8 19. Qd1 Qc6 20. Ke2 f6 21. Ne4
Ra2+ 22. Kf1 fxe5 23. Bxe5 d6 24. Bg2 Qd7 25. Bc3 Bxc3 26. Nxc3 Bxg2+ 27. Kxg2
Ra8 28. Qe2 Rf8 29. Re7 Qc6+ 30. f3 Kh8 31. h5 Nd7 32. Qe4 Qxe4 33. Nxe4 Rd8 34.
Ng5 Kg8 35. Rxg7+ Kxg7 36. Ne6+ Kf6 37. Nxd8 Nb8 38. f4 Ke7 39. Nb7 Nc6 40. g5
Ke6 41. Kg3 Kf5 42. g6 hxg6 43. h6 g5 44. h7 gxf4+ 45. Kh2 1-0

[Event "IM Not A GM Speed Chess"]
[Site "chess.com INT"]
[Date "2020.04.25"]
[Round "1.9"]
[White "Coleman, Teddy"]
[Black "Rensch, Daniel"]
[Result "1-0"]
[WhiteTitle "IM"]
[BlackTitle "IM"]
[WhiteElo "2333"]
[BlackElo "2402"]
[WhiteFideId "2022010"]
[BlackFideId "2017202"]
[EventDate "2020.04.18"]

1. c4 e5 2. Nc3 Nc6 3. Nf3 Nf6 4. e3 Be7 5. a3 a5 6. b3 O-O 7. Bb2 d5 8. d4 dxc4
9. Bxc4 exd4 10. Nxd4 Nxd4 11. Qxd4 Qxd4 12. exd4 c6 13. d5 cxd5 14. Nxd5 Nxd5
15. Bxd5 Rd8 16. Rd1 Bg4 17. f3 Bf5 18. Kf2 Bc5+ 19. Kg3 Rd6 20. Bxb7 Rb8 21.
Bd5 Rg6+ 22. Kf4 Bc2 23. Rd2 Bd6+ 24. Ke3 Re8+ 25. Kf2 Bc5+ 26. Bd4 Bxd4+ 27.
Rxd4 Rb6 28. b4 axb4 29. axb4 Reb8 30. Rc1 Bf5 31. Rc7 Rxb4 32. Rxb4 Rxb4 33.
Rxf7 1-0

[Event "IM Not A GM Speed Chess"]
[Site "chess.com INT"]
[Date "2020.04.18"]
[Round "1.10"]
[White "Rensch, Daniel"]
[Black "Coleman, Teddy"]
[Result "1-0"]
[WhiteTitle "IM"]
[BlackTitle "IM"]
[WhiteElo "2402"]
[BlackElo "2333"]
[WhiteFideId "2017202"]
[BlackFideId "2022010"]
[EventDate "2020.04.18"]

1. e4 e5 2. Nf3 Nc6 3. d4 exd4 4. Nxd4 Nf6 5. Nxc6 bxc6 6. e5 Qe7 7. Qe2 Nd5 8.
h4 a5 9. c4 Nb6 10. Nc3 Qe6 11. Qe4 Ba6 12. b3 a4 13. Bd2 Bc5 14. Bd3 O-O 15.
Qxh7# 1-0

[Event "IM Not A GM Speed Chess"]
[Site "chess.com INT"]
[Date "2020.04.25"]
[Round "1.11"]
[White "Coleman, Teddy"]
[Black "Rensch, Daniel"]
[Result "1-0"]
[WhiteTitle "IM"]
[BlackTitle "IM"]
[WhiteElo "2333"]
[BlackElo "2402"]
[WhiteFideId "2022010"]
[BlackFideId "2017202"]
[EventDate "2020.04.18"]

1. c4 e5 2. Nc3 Nc6 3. Nf3 Nf6 4. e3 Be7 5. a3 a5 6. b3 O-O 7. d4 exd4 8. Nxd4
Ne5 9. Be2 b6 10. Bb2 Bb7 11. O-O Re8 12. f4 Ng6 13. Bf3 Bxf3 14. Qxf3 Bc5 15.
Rad1 Qe7 16. Rfe1 Bxa3 17. Nf5 Qb4 18. Ba1 Qxb3 19. Nxg7 Kxg7 20. Nd5 Be7 21. f5
c6 22. Nxe7 Rxe7 23. fxg6 Re6 24. Rf1 fxg6 25. Bxf6+ Kg8 26. Rxd7 Qxc4 27. Rg7+
Kf8 28. Be5+ Ke8 29. Qf8# 1-0

[Event "IM Not A GM Speed Chess"]
[Site "chess.com INT"]
[Date "2020.04.25"]
[Round "1.12"]
[White "Rensch, Daniel"]
[Black "Coleman, Teddy"]
[Result "1-0"]
[WhiteTitle "IM"]
[BlackTitle "IM"]
[WhiteElo "2402"]
[BlackElo "2333"]
[WhiteFideId "2017202"]
[BlackFideId "2022010"]
[EventDate "2020.04.18"]

1. e4 c6 2. d4 d5 3. exd5 cxd5 4. c4 Nf6 5. Nc3 e6 6. Nf3 Bb4 7. cxd5 Nxd5 8.
Bd2 Nc6 9. Bd3 O-O 10. Qe2 Nf6 11. O-O Be7 12. Ne4 a6 13. Rfd1 Nd5 14. Rac1 Bf6
15. Bb1 g6 16. Nxf6+ Qxf6 17. Bg5 Qg7 18. Ne5 Nxe5 19. dxe5 h6 20. Rxd5 exd5 21.
Bf6 Qh7 22. h4 Bf5 23. Bxf5 gxf5 24. Rc3 Rfc8 25. Rg3+ Kf8 26. Qe3 Rc7 27. Qa3+
Ke8 28. Rg7 Qh8 29. e6 Qf8 30. Qe3 Rac8 31. e7 Qxg7 32. Bxg7 Rxe7 33. Qxh6 Rc4
34. Qd6 Re1+ 35. Kh2 Rxh4+ 36. Kg3 1-0

[Event "IM Not A GM Speed Chess"]
[Site "chess.com INT"]
[Date "2020.04.25"]
[Round "1.13"]
[White "Coleman, Teddy"]
[Black "Rensch, Daniel"]
[Result "1-0"]
[WhiteTitle "IM"]
[BlackTitle "IM"]
[WhiteElo "2333"]
[BlackElo "2402"]
[WhiteFideId "2022010"]
[BlackFideId "2017202"]
[EventDate "2020.04.18"]

1. c4 e5 2. Nc3 Nc6 3. Nf3 Nf6 4. e3 Be7 5. d4 exd4 6. Nxd4 O-O 7. Be2 d5 8.
Nxc6 bxc6 9. O-O Be6 10. b3 Rb8 11. Qc2 Qd7 12. Rd1 Rfd8 13. Bf3 Bg4 14. Qe2 h5
15. Bb2 Qf5 16. cxd5 cxd5 17. h3 Bxf3 18. Qxf3 Qxf3 19. gxf3 c5 20. Ba3 Bf8 21.
Rac1 d4 22. Na4 Nd5 23. Bxc5 dxe3 24. Bxe3 a5 25. Rc6 Nb4 26. Rxd8 Rxd8 27. Rb6
Nxa2 28. Rb5 Bb4 29. Rxh5 g6 30. Rb5 Rd3 31. Nc5 Rd5 32. Rb8+ Kh7 33. Ne4 Rd1+
34. Kg2 Kg7 35. Bf4 f5 36. Rb7+ Kf8 37. Nf6 Be7 38. Nh7+ Ke8 39. Be5 Rd5 40. Bf6
Bb4 41. Ng5 Bd6 42. h4 Bf4 43. Re7+ Kf8 44. Ne6+ Kg8 45. Rg7+ Kh8 46. Rd7+ Kg8
47. Rxd5 Kf7 48. Nxf4 Kxf6 49. Rxa5 Nc3 50. Rc5 Nd1 51. Rc2 1-0